Master Thesis Open Access
Daigler, Simon
<?xml version='1.0' encoding='UTF-8'?>
<record xmlns="http://www.loc.gov/MARC21/slim">
<leader>00000nam##2200000uu#4500</leader>
<datafield tag="520" ind1=" " ind2=" ">
<subfield code="a"><p>A search for non-resonant Higgs-boson pair production (HH) in the bbππfinal state is presented at &radic;π = 13 TeV using the 2018 CMS proton&ndash;proton dataset corresponding to 59.8 fb<sup>&minus;1</sup> after a common re-optimization of the reconstruction and calibration of the data by the CMS Collaboration. The resolved topology is targeted and three π<sup>+</sup>π<sup>&minus;&nbsp;</sup>final states π<sub>h</sub>π<sub>h</sub>, ππ<sub>h</sub> and eπ<sub>h</sub> are taken into account, where π<sub>h</sub> refers to the decay of the π lepton into hadrons. Object reconstruction and identification are based on Particle Flow, DeepJet and DeepTau v2.5 algorithms. A multi-class classification neural network is used for event discrimination and category definition. The background from QCD multijet events is estimated from data via an ABCD method using the charges and DeepTau vsJet discriminants to define corresponding control regions. The di-π invariant mass, a key observable for discriminating signal from background, is reconstructed using the FastMTT algorithm.&nbsp;</p>
<p>Expected upper limits are derived from a profile-likelihood fit to the Asimov dataset.&nbsp;The median expected 95 % CL upper limit on the signal strength π= π<sub>(pp &rarr;HH)</sub>/π<sub>SM</sub>&nbsp;is found to be π<sub>exp</sub><sup>95</sup>&nbsp;= 10.9, about 2 % weaker than the result obtained when considering only statistical uncertainties (π<sub>exp</sub><sup>95</sup>&nbsp;= 10.7). Projections obtained from scaling rates with integrated luminosity while keeping shapes and the size of nominal systematics yield median expected 95 % CL limits of π<sub>exp</sub><sup>95</sup>&nbsp;= 7.2 for the full Run 2 corresponding to an integrated luminosity of 138 fb<sup>&minus;1</sup> and π<sub>exp</sub><sup>95</sup> = 4.7 for a Run 2 + Run 3 scenario with 500 fb<sup>&minus;1</sup>.</p></subfield>
</datafield>
<datafield tag="980" ind1=" " ind2=" ">
<subfield code="a">thesis</subfield>
<subfield code="b">master-thesis</subfield>
</datafield>
<datafield tag="856" ind1="4" ind2=" ">
<subfield code="s">13813768</subfield>
<subfield code="u">https://publish.etp.kit.edu/record/22401/files/Masterthesis_SimonDaigler.pdf</subfield>
<subfield code="z">md5:fafd59f1b06a0c9174ce67c6a773be48</subfield>
</datafield>
<datafield tag="100" ind1=" " ind2=" ">
<subfield code="a">Daigler, Simon</subfield>
<subfield code="u">KIT/ETP</subfield>
</datafield>
<datafield tag="041" ind1=" " ind2=" ">
<subfield code="a">eng</subfield>
</datafield>
<datafield tag="980" ind1=" " ind2=" ">
<subfield code="a">user-etp</subfield>
</datafield>
<controlfield tag="005">20260205123631.0</controlfield>
<controlfield tag="001">22401</controlfield>
<datafield tag="909" ind1="C" ind2="O">
<subfield code="o">oai:publish.etp.kit.edu:22401</subfield>
<subfield code="p">user-etp</subfield>
</datafield>
<datafield tag="542" ind1=" " ind2=" ">
<subfield code="l">open</subfield>
</datafield>
<datafield tag="245" ind1=" " ind2=" ">
<subfield code="a">Search for non-resonant di-Higgs production in bb + ππ final states in pp collisions at CMS</subfield>
</datafield>
<datafield tag="260" ind1=" " ind2=" ">
<subfield code="c">2025-11-15</subfield>
</datafield>
<datafield tag="700" ind1=" " ind2=" ">
<subfield code="a">Klute, Markus</subfield>
<subfield code="u">KIT/ETP</subfield>
<subfield code="4">ths</subfield>
</datafield>
<datafield tag="700" ind1=" " ind2=" ">
<subfield code="a">Wolf, Roger</subfield>
<subfield code="u">KIT/ETP</subfield>
<subfield code="4">ths</subfield>
</datafield>
</record>